00397nam a2200133Ia 4500008004100000020001800041100001700059245004800076260002200124440003400146650003000180650001200210856004100222171212s9999 xx 000 0 und d a9781760461256 aJones, Barry cJones, BarryaDictionary of World Biography bANU E Pressc2017 aANU Lives Series in Biography aBiography -- Dictionaries aHistory uhttp://jstor.org/stable/j.ctt1rfsrst